00564nam a2200205 a 4500001001300000003000900013005001700022008004100039020002300080082001700103100001700120245005500137260003600192300001000228500003500238505001300273650003000286650002500316700001700341nice12345678IN_TiNIC20260116013040.0050524s1995 newa grp 000 0 eng  a0145338 c25000a291.172bECK aEck, L Diana aGodb a Spiritual Journey from Bozeman to Banaras. aNew DelhibPenguin Books c1995 a259p. aincludes index and biblioraphy2 aGlossary aReconciliation-Interfaith aComparative Religion1 aEck, L Diana